| 000 | 00972nam a2200253 i 4500 | ||
|---|---|---|---|
| 001 | 14387 | ||
| 003 | ES-MaACL | ||
| 005 | 20230906150808.0 | ||
| 007 | t| | ||
| 008 | 971113s1996 sp ||||0| spa | ||
| 020 | _a84-87136-61-3 | ||
| 080 | _a908.460.288 Hellín (082.2) | ||
| 245 | 0 | 0 |
_aHellín en textos geográficos antiguos _b: (facsímiles y transcripciones) / _c[introducción y selección] Fernando Rodríguez de la Torre, Antonio Moreno García. |
| 260 |
_aAlbacete : _bInstituto de Estudios Albacetenses, _c1996. |
||
| 300 |
_a357 p. : _bil. ; _c24 cm. |
||
| 490 | 1 |
_aSerie 0. Corpus, documenta y bibliografía ; _v5 |
|
| 651 |
_aHellín- _xDescripción. _9172421 |
||
| 700 | 1 |
_aRodríguez de la Torre, Fernando. _998456 |
|
| 700 | 1 |
_aMoreno García, Antonio. _983376 |
|
| 710 | 2 |
_aInstituto de Estudios Albacetenses. _94884 |
|
| 830 | 1 |
_aSerie 0. Corpus, documenta y bibliografía ; _v5 _9179464 |
|
| 852 |
_aES-MaACL _jL-21666 |
||
| 999 |
_c14387 _d14387 |
||